00728nam a2200181 a 450000100100000000500170001000800410002702000150006804000250008324501040010826000400021230000360025250500980028870000280038604900090041495201060042399900170052900003416620200930070830.0110926s2000 cu ag 000 0 spa d a9591005466 aDO-SdBNPbspacBNPHU00aNosotros y el bolero :bNosotros y el bolero /cprólogo y selección de Alicia Valdés Cantero. aLa Habana :bLetras cubanas,c2000. a315 p. :bil., mús. ;c23 cm.2 tEl bolero de "aquí" y de "allá" --tLos compositores e intérpretes --tSobre los textos1 aValdés, Alicia959585 aBNPD 0010507-18MOaGRbGRcOId2011-09-26iLF1l0o p34166-10r2020-06-25w2020-06-25y1ZNo se presta c33657d33657